Le premier cercle / (Record no. 18075)

MARC details
000 -LEADER
campo de control de longitud fija 00699nam a2200229 i 4500
001 - NÚMERO DE CONTROL
campo de control 18075
003 - IDENTIFICADOR DE NÚMERO DE CONTROL
campo de control ES-MaACL
005 - FECHA Y HORA DE LA ÚLTIMA TRANSACCIÓN
campo de control 20230906151742.0
007 - CAMPO FIJO DE DESCRIPCIÓN FÍSICA--INFORMACIÓN GENERAL
campo de control de longitud fija t|
008 - DATOS DE LONGITUD FIJA--INFORMACIÓN GENERAL
campo de control de longitud fija 010919s1968 fr ||||1| fre d
080 ## - NÚMERO DE LA CLASIFICACIÓN DECIMAL UNIVERSAL
Número de la Clasificación Decimal Universal 821.161.1-31"19"
100 1# - ENTRADA PRINCIPAL--NOMBRE DE PERSONA
Nombre de persona Solzhenitsyn, Aleksandr Isaevich.
9 (RLIN) 107256
245 13 - MENCIÓN DEL TÍTULO
Título Le premier cercle /
Mención de responsabilidad, etc. Alexandre Soljenitsyne ; traduit du russe par Henri-Gabriel Kybarthi.
260 ## - PUBLICACIÓN, DISTRIBUCIÓN, ETC.
Lugar de publicación, distribución, etc. Paris :
Nombre del editor, distribuidor, etc. Robert Laffont,
Fecha de publicación, distribución, etc. [1968]
300 ## - DESCRIPCIÓN FÍSICA
Extensión 576 p. ;
Dimensiones 24 cm.
490 1# - MENCIÓN DE SERIE
Mención de serie Pavillons
500 ## - NOTA GENERAL
Nota general Biblioteca Juan Andrade.
700 1# - ENTRADA AGREGADA--NOMBRE PERSONAL
Nombre de persona Kybarthi, Henri-Gabriel.
9 (RLIN) 69100
830 0# - PUNTO DE ACCESO ADICIONAL DE SERIE-TÍTULO UNIFORME
Título uniforme Pavillons
9 (RLIN) 228769
852 ## - LOCALIZACIÓN
Ubicación ES-MaACL
Número de control de estantería AND-87
Sublocalización o colección R.109412
Holdings
Estatus retirado Estado de pérdida Estado de daño No para préstamo Biblioteca de origen Biblioteca actual Ubicación en estantería Fecha de adquisición Fuente de adquisición Total de préstamos Signatura topográfica completa Código de barras Visto por última vez Precio de reemplazo Tipo de ítem Koha
        Biblioteca del Ateneo de Madrid Biblioteca del Ateneo de Madrid Depósito 2 17/01/2008     AND-87 1018473 23/02/2023 23/02/2023 Libro impreso